000 00639nam a2200193 a 4500
001 000009767
005 20240412074213.0
008 091001s19uu dr 000 p spa d
040 _aDO-SdBNP
_bspa
_cBNPHU
082 _aRD861.44
_bB562c
100 1 _aBetances Lora, Antonio
_924670
245 1 0 _aCanción de otoño y las hojas secas /
_cAntonio Betances Lora.
260 _aSantiago de los Caballeros, República Dominicana :
_bCentral,
_c[19--].
300 _a77 p. ;
_c21 cm.
590 _aInventariado, 2018/LP
650 0 _aPoesía dominicana
_966
650 0 _aLiteratura dominicana.
_967
910 _aValidado. Control de calidad MFF
999 _c9527
_d9527